Roudnická statuta
| Titel: | Roudnická statuta : zvyklosti augustiniánské kanonie v Roudnici nad Labem : (komentovaná edice a překlad) / Adéla Ebersonová |
|---|---|
| Verfasser: | |
| Ausgabe: | Vydání první |
| Veröffentlicht: | Dolní Břežany : Scriptorium, 2021 |
| Umfang: | 182 Seiten : Illustrationen (farbig) |
| Format: | Buch |
| Sprache: | Tschechisch; Latein |
| ISBN: | 9788076490314 |
| Hinweise zum Inhalt: |
Cover
|
alg: 49543233 001A $03004:08-06-22 001B $01999:28-11-24 $t23:27:57.000 001D $03004:08-06-22 001U $0utf8 001X $00 002@ $0Aau 002C $aText $btxt $2rdacontent 002D $aohne Hilfsmittel zu benutzen $bn $2rdamedia 002E $aBand $bnc $2rdacarrier 003@ $0495432334 004A $A978-80-7649-031-4 006C $01296363865 $aOCoLC 007A $0BV047818947 $aBVB 009P $qapplication/pdf $A2 $3Cover $uhttp://scans.hebis.de/HEBCGI/show.pl?49543233_cov.pdf $mV:DE-603;B:DE-Mb50 010@ $acze $alat 010E $erda 011@ $a2021 $n2021 013D $RQuellenforschung $#History -- Sources $#Histoire -- Sources $#Akten Formschlagwort $#Augenzeugenbericht Formschlagwort $#Texte Formschlagwort $#Historische Quelle $#Geschichtsquelle $#Quellensammlung $#Quellen $74135952-5 $8Quelle [Ts1] $9085503576 021A $aRoudnická statuta $dzvyklosti augustiniánské kanonie v Roudnici nad Labem : (komentovaná edice a překlad) $hAdéla Ebersonová 028A $BVerfasser $#Ebersonová, A. $4aut $71139872478 $8Ebersonová, Adéla$Z1987- [Tp3] $9416566898 032@ $aVydání první 033A $pDolní Břežany $nScriptorium 034D $a182 Seiten 034M $aIllustrationen (farbig) 037A $aTato kniha přináší první moderní edici textu roudnických statut na základě jejich nejstaršího zápisu v rukopisu Národní knihovny ČR XIX B 3, a vychází také z dalších deseti dosud identifikovaných středověkých opisů a dvou tisků z 18. století. Kritická edice je doplněna úvodním pojednáním a podrobným přehledem rukopisné tradice tohoto textu. 044K $RRaudnitz an der Elbe $#Roudnice Labe $#Raudnitz an der Elbe $71037799259 $8Roudnice nad Labem [Tg1] $9326724885 044K $#CRSA $#Augustiner-Chorherren $#Regularkanoniker des Heiligen Augustinus $#Canonici Regulares Sancti Augustini $#CSA $#Ordo Canonicorum Regularium S. Augustini $#Ordo Canonicorum Regularium Sancti Augustini $72180420-5 $8Augustinerchorherren [Tb1] $9084594748 044K $#By-laws $#Statuts $#Estatutos, reglamentos, etc. $#Satzung $#Satzung/Geschäftsordnung $#Autonome Satzung $#Statut $#Statuten $#Satzungen $74051778-0 $8Satzung [Ts1] $9085144975 044K $RMönchtum $#Monastic and religious life $#Vie religieuse et monastique $#Klosterleben $#Vita consecrata $#Vita consacrata $#Geweihtes Leben $74043735-8 $8Ordensleben [Ts1] $908512236X 045F $a200.9437109023 $eDDC23BSB 045F/01 $a200.9 045F/03 $f09023 045F/03 $g4371 045R $aGeschichte 1354-1383 045T $aOST $qDE-12 $2FID 046L $aQuelle auf Latein, mit tschechischer Übersetzung ; Aus dem Lateinischen übersetzt ; Zusammenfassung in englischer Sprache: The Statutes of Roudnice : the customs of the house of Augustinian canons in Roudnice nad Labem : (an annotated edition and translation) lok: 49543233 24 exp: 49543233 24 1 #EPN 201B/01 $008-06-22 $t12:52:56.000 201C/01 $003-02-22 201U/01 $0utf8 203@/01 $01181070953 208@/01 $a08-06-22 $bz 209A/01 $a22.00908 $du $f050 $h22 00908 $x00 209C/01 $a22.00908 K $h22 00908 K 209G/01 $a74561802 $x00 220C/01 $akon 247C/01 $8358050-7Marburg, Bibliothek des Herder-Instituts Marburg $9102600961 lok: 49543233 78 exp: 49543233 78 1 #EPN 201B/01 $018-09-25 $t10:01:03.000 201C/01 $018-09-25 201U/01 $0utf8 203@/01 $01318206774 208@/01 $a18-09-25 $be 209A/01 $a/ $f000 $x00 209A/01 $ab*p $x01 220C/01 $apgar 244Z/01 $#Böhmische Kronländer $#Länder der Böhmischen Krone $#Sudetenland $#Böhmen $#Mähren $#Mährisch-Schlesien $#Österreichisch-Schlesien $#Tschechische Sozialistische Republik Böhmische Länder $#Tschechei Böhmische Länder $#Země koruny české $74069573-6 $8--Tg1--Böhmische Länder $x03 $9085195553 247C/01 $82080>Marburg/Lahn, Herder-Institut, Forschungsbibliothek, Bibliographieportal $9336309341
| LEADER | 00000cam a2200000 c 4500 | ||
|---|---|---|---|
| 001 | 495432334 | ||
| 003 | DE-603 | ||
| 005 | 20241128232757.0 | ||
| 007 | tu | ||
| 008 | 220608s2021 xx |||| | u00||u|cze c | ||
| 020 | |a 9788076490314 | ||
| 035 | |a (DE-599)BVBBV047818947 | ||
| 040 | |a DE-603 |b ger |c DE-603 |d DE-603 |e rda | ||
| 041 | |a cze |a lat | ||
| 082 | 0 | 4 | |8 1\u |a 200.9437109023 |q DE-101 |2 23/BSB |
| 084 | |a OST |q DE-12 |2 fid | ||
| 085 | |8 1\u |b 200.9 | ||
| 085 | |8 1\u |z 1 |s 09023 | ||
| 085 | |8 1\u |z 2 |s 4371 | ||
| 100 | 1 | |a Ebersonová, Adéla |d 1987- |e Verfasser |4 aut |0 (DE-603)416566898 |0 (DE-588)1139872478 |2 gnd | |
| 245 | 0 | 0 | |a Roudnická statuta |b zvyklosti augustiniánské kanonie v Roudnici nad Labem : (komentovaná edice a překlad) |c Adéla Ebersonová |
| 250 | |a Vydání první | ||
| 264 | 1 | |a Dolní Břežany |b Scriptorium |c 2021 | |
| 300 | |a 182 Seiten |b Illustrationen (farbig) | ||
| 336 | |a Text |b txt |2 rdacontent | ||
| 337 | |a ohne Hilfsmittel zu benutzen |b n |2 rdamedia | ||
| 338 | |a Band |b nc |2 rdacarrier | ||
| 500 | |a Tato kniha přináší první moderní edici textu roudnických statut na základě jejich nejstaršího zápisu v rukopisu Národní knihovny ČR XIX B 3, a vychází také z dalších deseti dosud identifikovaných středověkých opisů a dvou tisků z 18. století. Kritická edice je doplněna úvodním pojednáním a podrobným přehledem rukopisné tradice tohoto textu. | ||
| 546 | |a Quelle auf Latein, mit tschechischer Übersetzung ; Aus dem Lateinischen übersetzt ; Zusammenfassung in englischer Sprache: The Statutes of Roudnice : the customs of the house of Augustinian canons in Roudnice nad Labem : (an annotated edition and translation) | ||
| 610 | 1 | 7 | |a Augustinerchorherren |2 gnd |0 (DE-588)2180420-5 |0 (DE-603)084594748 |
| 648 | 7 | |a Geschichte 1354-1383 |2 gnd | |
| 650 | 7 | |a Satzung |0 (DE-588)4051778-0 |0 (DE-603)085144975 |2 gnd | |
| 650 | 7 | |a Ordensleben |0 (DE-588)4043735-8 |0 (DE-603)08512236X |2 gnd | |
| 651 | 7 | |a Roudnice nad Labem |0 (DE-588)1037799259 |0 (DE-603)326724885 |2 gnd | |
| 655 | 7 | |a Quelle |2 gnd-content |0 (DE-588)4135952-5 |0 (DE-603)085503576 | |
| 856 | 4 | 2 | |m V:DE-603;B:DE-Mb50 |q application/pdf |u http://scans.hebis.de/HEBCGI/show.pl?49543233_cov.pdf |3 Cover |
| 924 | 0 | |9 Mb 50 |a (DE-603)1181070953 |b DE-Mb50 |c HES |d c |g 22.00908 | |
| 924 | 0 | |9 2080 |a (DE-603)1318206774 |b DE-2080 |c HES |d d |g / | |


